[Event "Montigny Autumn-C 16th"]
[Site "Montigny le Bretonneux"]
[Date "2017.10.27"]
[Round "7"]
[White "Bastin, Eugene"]
[Black "Tanchoux, Pierre"]
[Result "0-1"]
[WhiteElo "1245"]
[BlackElo "1260"]
[PlyCount "106"]
[EventDate "2017.10.21"]
[EventType "tourn"]
[EventRounds "9"]
[EventCountry "FRA"]
[SourceTitle "EXT 2019"]
[Source "ChessBase"]
[SourceDate "2018.10.10"]
[SourceVersion "1"]
[SourceVersionDate "2018.10.10"]
[SourceQuality "1"]

1. e4 c5 2. c3 d6 3. d4 cxd4 4. cxd4 e6 5. Nc3 Nf6 6. Nf3 a6 7. Be2 Be7 8. 0-0 0-0 9. Bg5 Nfd7 10. Bd2 b5 11. a3 Bb7 12. Rc1 Nf6 13. Bd3 Nbd7 14. Re1 Nb6 15. e5 dxe5 16. Rxe5 Nfd5 17. Qc2 g6 18. Bh6 Re8 19. Qd2 Rc8 20. Ree1 Nxc3 21. bxc3 Bxf3 22. gxf3 Bxa3 23. Ra1 Bb2 24. Qxb2 Na4 25. Rxa4 bxa4 26. Bxa6 Rb8 27. Qd2 a3 28. Qa2 Qa5 29. Qc4 a2 30. Ra1 Rb1+ 31. Rxb1 axb1Q+ 32. Kg2 Qba2 33. Qc6 Qd8 34. Bd3 Qad5 35. Qa6 e5 36. Bc4 Q5d6 37. Bxf7+ Kxf7 38. Qc4+ Qd5 39. Qa6 g5 40. h4 Re6 41. Qa7+ Q5d7 42. Qa2 exd4 43. Bxg5 Qg8 44. cxd4 Qxd4 45. Qa5 Qxh4 46. Qf5+ Ke8 47. Qb5+ Kf8 48. Qf5+ Qf7 49. Qc5+ Qe7 50. Bxe7+ Qxe7 51. Qf5+ Rf6 52. Qc8+ Kg7 53. Qg4+ Rg6 0-1

[Event "Montigny Autumn-C 16th"]
[Site "Montigny le Bretonneux"]
[Date "2017.10.26"]
[Round "6"]
[White "Branson, James"]
[Black "Bastin, Eugene"]
[Result "1-0"]
[WhiteElo "1525"]
[BlackElo "1245"]
[PlyCount "93"]
[EventDate "2017.10.21"]
[EventType "tourn"]
[EventRounds "9"]
[EventCountry "FRA"]
[SourceTitle "EXT 2019"]
[Source "ChessBase"]
[SourceDate "2018.10.10"]
[SourceVersion "1"]
[SourceVersionDate "2018.10.10"]
[SourceQuality "1"]

1. e4 e5 2. f4 Nc6 3. Bc4 Nf6 4. d3 Bc5 5. Nf3 d6 6. c3 Bg4 7. h3 Bxf3 8. Qxf3 a6 9. b4 Ba7 10. Be3 Bxe3 11. Qxe3 Qd7 12. 0-0 0-0 13. Nd2 Rad8 14. Nf3 b5 15. Bb3 h6 16. Rad1 Rfe8 17. fxe5 dxe5 18. Nh4 Ne7 19. d4 exd4 20. Rxd4 Qc6 21. Bxf7+ Kxf7 22. e5 Ned5 23. Qf3 Rxe5 24. Qd3 Kg8 25. Nf5 Rd7 26. Qg3 Kh7 27. Qxe5 Qxc3 28. Qe1 Qc6 29. Rh4 Nc3 30. Qe3 Nce4 31. Ng3 Nxg3 32. Qxg3 Qc2 33. a3 Rd3 34. Rf3 Rd1+ 35. Kh2 Qc1 36. Qf2 Rh1+ 37. Kg3 Qb1 38. Re3 Rf1 39. Qe2 Qg6+ 40. Kh2 Rc1 41. Qd3 Rc6 42. Qxg6+ Kxg6 43. Rd4 Rc2 44. Red3 c5 45. bxc5 Rxc5 46. g4 Rc6 47. Kg3 1-0

[Event "Montigny Autumn-C 16th"]
[Site "Montigny le Bretonneux"]
[Date "2017.10.24"]
[Round "4"]
[White "Bastin, Eugene"]
[Black "Longbien, Dominique"]
[Result "0-1"]
[WhiteElo "1245"]
[BlackElo "1487"]
[PlyCount "54"]
[EventDate "2017.10.21"]
[EventType "tourn"]
[EventRounds "9"]
[EventCountry "FRA"]
[SourceTitle "EXT 2019"]
[Source "ChessBase"]
[SourceDate "2018.10.10"]
[SourceVersion "1"]
[SourceVersionDate "2018.10.10"]
[SourceQuality "1"]

1. e4 e5 2. Nf3 Nc6 3. Bb5 Bc5 4. 0-0 d6 5. d4 exd4 6. Nxd4 Bd7 7. c3 Qf6 8. Nxc6 Bxc6 9. Bxc6+ bxc6 10. Qe2 Ne7 11. Be3 Bb6 12. Rd1 0-0 13. Nd2 Rab8 14. Nf3 Bxe3 15. fxe3 Ng6 16. Rf1 Qe6 17. Qc2 Rfe8 18. Ng5 Qg4 19. Nxf7 Rxe4 20. Rf2 Rf8 21. Raf1 Re7 22. Qb3 d5 23. Ne5 Rxe5 24. Rxf8+ Nxf8 25. Qb8 Rf5 26. Qb3 Rxf1+ 27. Kxf1 Qc4+ 0-1

[Event "USCF (Railway) Challenge"]
[Site "Limoges"]
[Date "2016.04.20"]
[Round "2"]
[White "Nefzaoui, Rabah"]
[Black "Bastin, Eugene"]
[Result "1-0"]
[WhiteElo "1790"]
[BlackElo "1328"]
[PlyCount "25"]
[EventDate "2016.04.20"]
[EventType "swiss"]
[EventRounds "3"]
[EventCountry "FRA"]
[SourceTitle "EXT 2019"]
[Source "ChessBase"]
[SourceDate "2018.10.10"]
[SourceVersion "1"]
[SourceVersionDate "2018.10.10"]
[SourceQuality "1"]

1. e4 d6 2. f4 e5 3. d4 Nd7 4. Nf3 Qe7 5. Nc3 c6 6. fxe5 dxe5 7. Bc4 f6 8. 0-0 Nb6 9. Bb3 Bg4 10. Be3 Qd6 11. dxe5 fxe5 12. Bf7+ Kd7 13. Nxe5+ 1-0

[Event "FRA-ch Railways-B"]
[Site "Soulac sur Mer"]
[Date "2015.05.26"]
[Round "5"]
[White "Bastin, Eugene"]
[Black "Demiro, Marc"]
[Result "0-1"]
[WhiteElo "1353"]
[BlackElo "1790"]
[PlyCount "68"]
[EventDate "2015.05.26"]
[EventType "swiss"]
[EventRounds "7"]
[EventCountry "FRA"]
[SourceTitle "EXT 2016"]
[Source "ChessBase"]
[SourceDate "2015.10.08"]
[SourceVersion "1"]
[SourceVersionDate "2015.10.08"]
[SourceQuality "1"]

1. c4 e5 2. g3 Nf6 3. d3 c6 4. Bg2 d5 5. cxd5 cxd5 6. a3 Be6 7. Nf3 Nc6 8. 0-0 h6 9. b4 a6 10. Bb2 Bd6 11. Nbd2 0-0 12. Rc1 Rc8 13. Nb3 b6 14. Re1 Qd7 15. Rc2 Rc7 16. Qa1 d4 17. Nbd2 Nd5 18. e3 dxe3 19. fxe3 f6 20. Nc4 b5 21. Nxd6 Qxd6 22. Nd2 Rfc8 23. Ne4 Qe7 24. Nc5 Ncxb4 25. axb4 Nxb4 26. Rcc1 Rxc5 27. Ba3 Rxc1 28. Rxc1 Rxc1+ 29. Qxc1 a5 30. Qd2 Qc5 31. Bxb4 Qxb4 32. Qe2 a4 33. Bc6 a3 34. Qd1 a2 0-1

[Event "FRA-ch Railways-B"]
[Site "Soulac sur Mer"]
[Date "2015.05.26"]
[Round "2"]
[White "Bastin, Eugene"]
[Black "Tireau, Jean Marie"]
[Result "0-1"]
[WhiteElo "1353"]
[BlackElo "1616"]
[PlyCount "60"]
[EventDate "2015.05.26"]
[EventType "swiss"]
[EventRounds "7"]
[EventCountry "FRA"]
[SourceTitle "EXT 2016"]
[Source "ChessBase"]
[SourceDate "2015.10.08"]
[SourceVersion "1"]
[SourceVersionDate "2015.10.08"]
[SourceQuality "1"]

1. c4 c5 2. g3 g6 3. Bg2 Bg7 4. Nc3 Nf6 5. d3 d6 6. Bg5 0-0 7. Bxf6 Bxf6 8. e3 Nc6 9. Nge2 Rb8 10. Qd2 a6 11. 0-0 Bd7 12. a4 Qc8 13. Nf4 e6 14. Ne4 Be5 15. Ne2 Qc7 16. f4 Bg7 17. Rab1 b5 18. axb5 axb5 19. b3 b4 20. Bh3 Ra8 21. Qd1 Ra3 22. g4 f5 23. gxf5 exf5 24. Nf2 Re8 25. Qc1 Na5 26. d4 Nxb3 27. Qd1 Rxe3 28. dxc5 Qxc5 29. Qd5+ Qxd5 30. cxd5 Rxe2 0-1

[Event "Massy op"]
[Site "Massy"]
[Date "2010.06.??"]
[Round "?"]
[White "Bastin, Eugene"]
[Black "Doucin, Paul"]
[Result "0-1"]
[WhiteElo "1489"]
[BlackElo "1692"]
[PlyCount "60"]
[EventDate "2010.06.??"]
[EventType "swiss"]
[EventRounds "7"]
[EventCountry "FRA"]
[SourceTitle "EXT 2011"]
[Source "ChessBase"]
[SourceDate "2010.11.26"]
[SourceVersion "1"]
[SourceVersionDate "2010.11.26"]
[SourceQuality "1"]

1. c4 Nf6 2. Nc3 g6 3. e4 d6 4. Be2 Bg7 5. Nf3 0-0 6. 0-0 e5 7. d3 Nbd7 8. h3 Nh5 9. b4 Nf4 10. Be3 Nxe2+ 11. Qxe2 f5 12. Bg5 Bf6 13. Qd2 f4 14. Bxf6 Nxf6 15. Rfc1 Bd7 16. Rc2 Kh8 17. d4 Bc6 18. Re1 Qe8 19. b5 Bd7 20. dxe5 dxe5 21. Na4 b6 22. Qc3 Kg8 23. Nxe5 Bc8 24. Rce2 Bb7 25. f3 a6 26. Nd3 axb5 27. Nxb6 cxb6 28. Nxf4 Rc8 29. Nd5 Qe6 30. Rb1 Nxd5 0-1

[Event "Angers op 1st"]
[Site "Angers"]
[Date "2006.05.07"]
[Round "3"]
[White "Duval, Michel"]
[Black "Bastin, Eugene"]
[Result "1-0"]
[WhiteElo "1806"]
[BlackElo "1410"]
[PlyCount "65"]
[EventDate "2006.05.06"]
[EventType "swiss"]
[EventRounds "6"]
[EventCountry "FRA"]
[SourceTitle "EXT 2007"]
[Source "ChessBase"]
[SourceDate "2006.11.23"]
[SourceVersion "1"]
[SourceVersionDate "2006.11.23"]
[SourceQuality "1"]

1. e4 d6 2. d4 Nf6 3. Nc3 g6 4. f4 Bg7 5. Nf3 0-0 6. e5 dxe5 7. fxe5 Nd5 8. Bc4 c6 9. Nxd5 cxd5 10. Bb3 Bf5 11. 0-0 a5 12. a4 Nc6 13. c3 Kh8 14. Bd2 f6 15. exf6 Bxf6 16. Bh6 Re8 17. Ng5 Kg8 18. Qf3 e6 19. Nh3 Kf7 20. g4 Bg7 21. Bxg7 Kxg7 22. gxf5 gxf5 23. Rae1 Qh4 24. Qg3+ Qxg3+ 25. hxg3 h6 26. Nf4 Nd8 27. Bxd5 Ra6 28. Bc4 Rb6 29. Bb5 Rg8 30. d5 Kf7 31. dxe6+ Nxe6 32. Nxe6 Rxg3+ 33. Kh2 1-0

[Event "Angers op 1st"]
[Site "Angers"]
[Date "2006.05.06"]
[Round "1"]
[White "Fernandez, Clement"]
[Black "Bastin, Eugene"]
[Result "1-0"]
[WhiteElo "1680"]
[BlackElo "1410"]
[PlyCount "53"]
[EventDate "2006.05.06"]
[EventType "swiss"]
[EventRounds "6"]
[EventCountry "FRA"]
[SourceTitle "EXT 2007"]
[Source "ChessBase"]
[SourceDate "2006.11.23"]
[SourceVersion "1"]
[SourceVersionDate "2006.11.23"]
[SourceQuality "1"]

1. d4 g6 2. e4 Nf6 3. Nc3 d6 4. Nf3 Bg7 5. Bc4 0-0 6. h3 c5 7. 0-0 cxd4 8. Nxd4 Bd7 9. Be3 e5 10. Ndb5 Bxb5 11. Bxb5 Nc6 12. Qd2 Ne7 13. Rad1 a6 14. Be2 Ne8 15. Bg5 Qc7 16. Bxe7 Qxe7 17. Nd5 Qd8 18. Qb4 b5 19. Rd3 Rc8 20. Rc3 Rxc3 21. Qxc3 f5 22. Bf3 Rf7 23. Rd1 Nc7 24. Qc6 Bf8 25. c4 Qd7 26. Qxd7 Rxd7 27. Nf6+ 1-0

[Event "Montigny le Bretonneux Noel op 08th"]
[Site "Montigny le Bretonneux"]
[Date "2005.12.27"]
[Round "2"]
[White "Bastin, Eugene"]
[Black "Gilles de la Londe, Jean Francois"]
[Result "0-1"]
[WhiteElo "1450"]
[BlackElo "1833"]
[PlyCount "48"]
[EventDate "2005.12.26"]
[EventType "swiss"]
[EventRounds "7"]
[EventCountry "FRA"]
[SourceTitle "CBM 110 Extra"]
[Source "ChessBase"]
[SourceDate "2006.03.10"]
[SourceVersion "2"]
[SourceVersionDate "2006.03.10"]
[SourceQuality "1"]

1. c4 e5 2. Nc3 Nf6 3. e4 c5 4. g3 Nc6 5. Bg2 d6 6. Nge2 Be7 7. 0-0 0-0 8. d3 h5 9. f3 Rb8 10. Bg5 Be6 11. f4 Bg4 12. Bxf6 Bxf6 13. h3 Bxe2 14. Nxe2 exf4 15. Nxf4 Bxb2 16. Rb1 Bd4+ 17. Kh2 g6 18. Qa4 Be5 19. h4 a6 20. Bh3 Nd4 21. Rf2 Bxf4 22. Rxf4 Ne2 23. Rxf7 Kxf7 24. Qc2 Nd4 0-1